Известия Российской академии наук. Серия физическая
| Vorheriger Titel: | Известия Академии наук СССР. Серия физическая |
|---|---|
| Körperschaft: | |
| Zusammenfassung: | Издание содержит полнотекстовые статьи по наиболее актуальным разделам современного естествознания: физика и астрономия, физика твердого тела, нанофотоника, нелинейная оптика, рентгеновская оптика, оптическая спектроскопия, ядерная физика, космические лучи, физика Солнца, физические приложения в науках о жизни и другие. Основная цель журнала — предоставление авторам возможности опубликовать и обсудить результаты актуальных фундаментальных и прикладных научных исследований, представленных на конференциях, симпозиумах и научных школах, организованных Российской академией наук, которые признаны мировым научным обществом и междисциплинарными экспертами. К опубликованию принимаются полнотекстовые статьи, подготовленные по материалам лучших докладов, рекомендованных программными комитетами конференций, которые интересны широкому кругу читателей. Статьи, содержащие новые, нигде ранее не опубликованные результаты, проходят научное рецензирования как минимум двумя независимыми рецензентами и публикуются в специальных тематических выпусках журнала. Журнал открыт для публикации наиболее авторитетных и передовых результатов исследований в области фундаментальной и прикладной физики, полученных в России и странах ближнего зарубежья, а также от авторов со всего мира. |
| Sprache: | Russisch |
| Veröffentlicht: |
Москва, Наука, 1992-
|
| Schlagworte: | |
| Online-Zugang: | https://sciencejournals.ru/journal/izvfiz/ http://elibrary.ru/title_about.asp?id=7832 https://link.springer.com/journal/11954 |
| Format: | MixedMaterials Elektronisch Buch |
| KOHA link: | https://koha.lib.tpu.ru/cgi-bin/koha/opac-detail.pl?biblionumber=380068 |
MARC
| LEADER | 00000nam1a2200000 4500 | ||
|---|---|---|---|
| 001 | 380068 | ||
| 005 | 20241030170640.0 | ||
| 011 | |a 0367-6765 | ||
| 035 | |a (RuTPU)RU\TPU\prd\650 | ||
| 035 | |a BOOK00000650 | ||
| 090 | |a 380068 | ||
| 100 | |a 20011210d19369999k||y0rusy50 ca | ||
| 101 | 0 | |a rus | |
| 102 | |a RU | ||
| 110 | |a afaz 0uu0 | ||
| 200 | 1 | |a Известия Российской академии наук. Серия физическая |f Российская академия наук, Отделение физических наук РАН |d Bulletin of the Russian Academy of Sciences: Physics |z eng | |
| 210 | |a Москва |c Наука |d 1992- | ||
| 305 | |a Издается с 1936 г. | ||
| 326 | |a Периодичность: 12 номеров в год | ||
| 330 | |a Издание содержит полнотекстовые статьи по наиболее актуальным разделам современного естествознания: физика и астрономия, физика твердого тела, нанофотоника, нелинейная оптика, рентгеновская оптика, оптическая спектроскопия, ядерная физика, космические лучи, физика Солнца, физические приложения в науках о жизни и другие. Основная цель журнала — предоставление авторам возможности опубликовать и обсудить результаты актуальных фундаментальных и прикладных научных исследований, представленных на конференциях, симпозиумах и научных школах, организованных Российской академией наук, которые признаны мировым научным обществом и междисциплинарными экспертами. К опубликованию принимаются полнотекстовые статьи, подготовленные по материалам лучших докладов, рекомендованных программными комитетами конференций, которые интересны широкому кругу читателей. Статьи, содержащие новые, нигде ранее не опубликованные результаты, проходят научное рецензирования как минимум двумя независимыми рецензентами и публикуются в специальных тематических выпусках журнала. Журнал открыт для публикации наиболее авторитетных и передовых результатов исследований в области фундаментальной и прикладной физики, полученных в России и странах ближнего зарубежья, а также от авторов со всего мира. | ||
| 430 | 1 | |0 (RuTPU)RU\TPU\prd\321 |x 0367-6765 |t Известия Академии наук СССР. Серия физическая |f Академия наук СССР |c М. |n Академия наук СССР |d 1936-1991 | |
| 510 | |a Bulletin of the Russian Academy of Sciences: Physics |z eng | ||
| 610 | 1 | |a физика | |
| 610 | 1 | |a физические исследования | |
| 610 | 1 | |a физические методы | |
| 610 | 1 | |a физические механизмы | |
| 610 | 1 | |a физические модели | |
| 610 | 1 | |a физические науки | |
| 610 | 1 | |a физические основы | |
| 610 | 1 | |a ядерно-физические исследования | |
| 675 | |a 53 |v 3 | ||
| 712 | 0 | 2 | |a Российская академия наук |c (Москва) |c (1991- ) |b Отделение физических наук РАН |9 23156 |
| 801 | 0 | |a RU |b 63413507 |c 20011210 |g PSBO | |
| 801 | 2 | |a RU |b 63413507 |c 20190409 |g PSBO | |
| 801 | 2 | |a RU |b 63413507 |c 20240527 |g PSBO | |
| 856 | 4 | |u https://sciencejournals.ru/journal/izvfiz/ |z https://sciencejournals.ru/journal/izvfiz/ | |
| 856 | 4 | |u http://elibrary.ru/title_about.asp?id=7832 |z http://elibrary.ru/title_about.asp?id=7832 | |
| 856 | 4 | |u https://link.springer.com/journal/11954 |z https://link.springer.com/journal/11954 | |
| 942 | |c CR | ||